000 00285 a2200121 4500
001 64115
082 _a956.22 LEW
090 _c37889
_d37889
100 _aLewis Bernard
245 _aFrom Babel to Dragomans
_hEnglish
260 _aUK
_bPhoenix Books
_c2005
300 _axiv, 559P.P.
942 _aNUST-CAE
_k956.22 LEW
999 _c299188
_d299188